| 000 | 00833nam a22003017a 4500 | ||
|---|---|---|---|
| 003 | OSt | ||
| 008 | 150511b xxu||||| |||| 00| 0 eng d | ||
| 100 | 1 | _aGoldberg, Larry | |
| 020 | _a0967388600 | ||
| 041 | _aeng | ||
| 245 | 1 | 0 | _a1946 'Thick' Map Issue, The |
| 260 |
_aBuffalo Grove, IL _bLMG Communications, Inc., |
||
| 300 | _a0 pages | ||
| 650 | 0 | _aFalkland Islands Dependencies | |
| 650 | 0 | _a1946 | |
| 650 | 0 | _a'Thick' Map Issue | |
| 650 | 0 | _aDefinitive Issues | |
| 650 | 0 | _aPlates and Plating | |
| 650 | 0 | _aErrors and Varieties | |
| 650 | 0 | _aProduction | |
| 650 | 0 | _aSheets and Panes | |
| 650 | 0 | _aStamps Histories | |
| 650 | 0 | _aPostage Stamps as Revenues | |
| 650 | 0 | _aGeorge VI, King of Great Britain, 1895-1952 | |
| 650 | 0 | _aKing George VI Issues | |
| 650 | 0 | _a20th Century | |
| 650 | 0 | _aBritish Colonies | |
| 999 |
_c1429 _d1429 |
||